Slovníky a terminologické normy z oblasti knihovníctva, bibliografie a VTEI

Bibliographic Details
Main Author: Šímová, Viera, 1922-2007 (Author)
Format: Book
Language:Slovak
Published: Bratislava SlTK 1978
Series:Metodické pomôcky SlTK

MARC

LEADER 00000nam a2200000 a 4500
001 vtls001115536
003 SK-MaSNL
005 20260302064310.0
008 250414s1978 xo 0 slo
015 |a SNBA1979 
035 |a SNK000058379 
040 |a SNK  |b slo  |c SNK  |e AACR2 
041 0 |a slo 
044 |a xo  |c SK 
080 |a 02+002:801.316.4:016  |2 1981 
100 1 |a Šímová, Viera,  |d 1922-2007  |4 aut  |9 80054 
245 1 0 |a Slovníky a terminologické normy z oblasti knihovníctva, bibliografie a VTEI  |c Viera Šimová 
260 |a Bratislava  |b SlTK  |c 1978  |e Bratislava  |f SlTK 
300 |a 195 s.  |b Tb.  |c 20 cm 
366 |e 250 výtl. 
490 0 |a Metodické pomôcky SlTK 
500 |a Séria: B - bibliografie, č. 17. Lit. 545. Aut., jazykový a zemep. reg. Súbež. res. rus., nem. a angl. Rozmn. 545 zázn. lit. o knihách, normách a bibliogr. v jaz. slov., čes., rus., nem., angl., franc., maď., poľ. a iné. 
852 |a Slovenská národná knižnica 
954 |a informatika  |a VTEI  |a knihovníctvo  |a bibliografia  |a bibliografie odborové 
954 |a slovníky informatické  |a normy terminologické  |a bibliografie odborové 
958 |a OND 
958 |a NB 
958 |a RM 
999 |c 1136895  |d 1138825 
952 |t P60, <04>, [BOOK], {604}  |a SNK  |b SNK  |y VYP  |7 0  |p 17A0071952  |o snkSC 46531 D1  |0 0  |1 0  |4 0  |d 1997-05-30  |l 0  |r 2004-12-31 00:00:00  |w 2026-02-24 
952 |a SNK  |b SNK  |y PREZ  |7 0  |p 17A0789909  |o snkSC 46531   |0 0  |1 0  |4 0  |d 2012-07-31  |l 0  |r 2025-10-27 00:00:00  |w 2026-02-24